ბათუმის შოთა რუსთაველის სახელმწიფო უნივერსიტეტის ბიბლიოთეკა

მანდარინის საადრეო ჯიშის-ტიახარა უნშიუს მოვლა-მოყვანის პროგრესული ტექნოლოგიები : (ბიბ.ჩანაწერი № 37462)

000 -ლიდერი
ფიქსირებული სიგრძის საკონტროლო ველი 01313nam a2200229Ia 4500
001 - საკონტროლო ნომერი
საკონტროლო ველი 3423
003 - საკონტროლო ნომრის იდენტიფიკატორი
საკონტროლო ველი GE_BSU
005 - ბოლო ოპერაციის თარიღი და დრო
საკონტროლო ველი 20190613193538.0
008 - ფიქსირებული სიგრძის მონაცემთა ელემენტები - ზოგადი ინფორმაცია
ფიქსირებული სიგრძის საკონტროლო ველი 181216s||||||||xx |||||||||||||| ||und||
020 ## - წიგნის საერთაშორისო სტანდარტული ნომერი
International Standard Book Number 9789994025596
040 ## - კატალოგიზაციის წყარო
Transcribing agency GE_BSU
080 ## - უნივერსალური ათობითი კლასიფიკაციის ინდექსი
Universal Decimal Classification number 634.32
100 ## - მთავარი ჩანაწერი - პიროვნების სახელი
Personal name ლამპარაძე, შოთა.
9 (RLIN) 1795
245 ## - ცნობა სათაურის შესახებ
Title მანდარინის საადრეო ჯიშის-ტიახარა უნშიუს მოვლა-მოყვანის პროგრესული ტექნოლოგიები :
Remainder of title (ფერმერთა დასახმარებლად) /
Statement of responsibility, etc შოთა ლამპარაძე, რეზო ჯაბნიძე ; რედ. ოთარ შაინიძე.
264 ## - წარმოების, გამოცემის, დისტრიბუციის და სხვა ცნობები
გამოცემის, წარმოების, დისტრიბუციის... ადგილი ბათუმი :
გამოცემის, წარმოების, დისტრიბუციის... სახელწოდება შოთა რუსთაველის უნ-ტის გამ-ბა,
გამოცემის, წარმოების, დისტრიბუციის... თარიღი 2008.
300 ## - ფიზიკური აღწერა
Extent 54 გვ. :
Other physical details ფოტ. ;
Dimensions 20 სმ.
653 ## - INDEX TERM--UNCONTROLLED
Uncontrolled term მანდარინის მოვლა-მოყვანის ტექნოლოგიები
653 ## - INDEX TERM--UNCONTROLLED
Uncontrolled term მანდარინის ჯიშები
700 ## - ADDED ENTRY--PERSONAL NAME
Personal name ჯაბნიძე, რეზო
Relator term ავტორი
9 (RLIN) 2484
700 ## - ADDED ENTRY--PERSONAL NAME
Personal name შაინიძე, ოთარ
Relator term რედაქტორი
9 (RLIN) 1155
942 ## - ADDED ENTRY ELEMENTS (KOHA)
Koha item type წიგნი
Source of classification or shelving scheme
ეგზემპლარები
ჩამოწერის სტატუსი დაკარგული ეგზემპლარის სტატუსი კლასიფიკაციის წყარო ან თაროზე გაწყობის სქემა დაზიანების სტატუსი არ გაიცემა მუდმივი მდებარეობა (დაცვის ადგილი) ამჟამინდელი ადგილსამყოფელი თაროზე განთავსების ადგილი შეძენის თარიღი სრული შენახვის შიფრი შტრიხკოდი ბოლო ოპერაციის თარიღი ეგზემპლარის მიმდევრობითი ნომერი (კეტერი?) ფასის ძალაში შესვლის თარიღი ეგზემპლარის სახეობა საჯარო შენიშვნა
          ბათუმის შოთა რუსთაველის სახელმწიფო უნივერსიტეტის მთავარი ბიბლიოთეკა ბათუმის შოთა რუსთაველის სახელმწიფო უნივერსიტეტის მთავარი ბიბლიოთეკა წიგნსაცავი 2018-12-17 634.32 ლ–20 4908 2018-12-17 4908 2018-12-17 წიგნი
          ბათუმის შოთა რუსთაველის სახელმწიფო უნივერსიტეტის მთავარი ბიბლიოთეკა ბათუმის შოთა რუსთაველის სახელმწიფო უნივერსიტეტის მთავარი ბიბლიოთეკა წიგნის კალათა 2018-12-17 634.32 ლ–20 4909 2018-12-17 4909 2018-12-17 წიგნი
          ბათუმის შოთა რუსთაველის სახელმწიფო უნივერსიტეტის მთავარი ბიბლიოთეკა ბათუმის შოთა რუსთაველის სახელმწიფო უნივერსიტეტის მთავარი ბიბლიოთეკა წიგნსაცავი 2018-12-17 634.32 ლ–20 4910 2018-12-17 4910 2018-12-17 წიგნი
          ბათუმის შოთა რუსთაველის სახელმწიფო უნივერსიტეტის მთავარი ბიბლიოთეკა ბათუმის შოთა რუსთაველის სახელმწიფო უნივერსიტეტის მთავარი ბიბლიოთეკა წიგნსაცავი 2018-12-17 634.32 ლ–20 4911 2018-12-17 4911 2018-12-17 წიგნი
          ბათუმის შოთა რუსთაველის სახელმწიფო უნივერსიტეტის მთავარი ბიბლიოთეკა ბათუმის შოთა რუსთაველის სახელმწიფო უნივერსიტეტის მთავარი ბიბლიოთეკა წიგნსაცავი 2018-12-17 634.32 ლ–20 4912 2018-12-17 4912 2018-12-17 წიგნი